Città della Regione Pokémon di Kalos nella Mappa - Statistics

Statistiche generali
  • Questo quiz è stato fatto 99 volte
  • Il punteggio medio è 8 su 17
Risposte nella Mappa
Le risposte nella mappa del quiz sottostante sono codificate secondo una scala di colori dal rosso al verde in base alla % di persone che hanno risposto correttamente.
 
Statistiche sulle risposte
Risposta % Corretto
Luminopoli
83%
Borgo Bozzetto
77%
Rio Acquerello
65%
Lega Pokémon
58%
Novartopoli
58%
Petroglifari
54%
Batikopoli
51%
Cromleburgo
49%
Castel Vanità
46%
Romantopoli
45%
Fractalopoli
42%
Yantaropoli
42%
Temperopoli
37%
Altoripoli
35%
Ponte Mosaico
31%
Fluxopoli
28%
Frescovilla
22%
Nessun quiz corrispondente trovato
Distribuzione punteggi
Percentuale di utenti per punteggio
Percentile per numero di risposta
I tuoi punteggi nel tempo
Non hai fatto questo quiz